Responses for Show #2551 - Monday, October 9, 1995

Contestants

[<< previous game]

Kathy Fowler, a proofreader from Manassas, Virginia

Chuck Pitcock, a real estate attorney from Chesterland, Ohio

Patrick McGeehan, a journalist from Hoboken, New Jersey (whose 2-day cash winnings total $10,000)

[next game >>]

Jeopardy! Round responses

HISTORY
WARNER BROS. CARTOONS
NOTORIOUS
INTERNATIONAL CUISINE
THE HUDSON RIVER
DRAMA CLASS
    $100 9
Simón Bolívar

Chuck
    $100 11
the (Wile E.) Coyote

Kathy
    $100 19
the OK Corral

Kathy
    $100 4
Brazil

Patrick
    $100 1
Albany

Patrick
    $100 6
props

Patrick
    $200 10
Catherine the Great

Kathy
    $200 12
Pepé Le Pew

Patrick
    $200 20
Al Capone

Patrick
    $200 8
Japan

Chuck
    $200 2
New Jersey

Patrick
    $200 24
upstage

Patrick
    $300 28
Macau

Chuck
    $300 16
Speedy Gonzales

Patrick
    $300 21
Sirhan Sirhan

Chuck
    $300 13
vinegar

Patrick
    $300 3
Robert Fulton

Kathy
    $300 25
a cue

Patrick
    $900 29
(Chuck: Uh, who is Augustus?)

Pompey

Chuck
    $400 17
Yosemite Sam

Kathy
    $400 22
J. Edgar Hoover

Chuck
    $400 14
fondue

Patrick
    $400 5
Rip Van Winkle

Kathy
    $400 26
(Chuck: I don't know--monologue?)

a soliloquy

PatrickChuck
    $500 30
Ian Smith

Triple Stumper
    $500 18
(Kathy: Who is Bugs Bunny?)

Michigan J. Frog

Kathy
Triple Stumper
    $500 23
Boston

Patrick
    $500 15
a chickpea

Kathy
    $500 7
Hyde Park

Patrick
    $500 27
improvisation

Kathy

Scores at the first commercial break (after clue 15):

Patrick Chuck Kathy
$1,900 $300 $1,500

Scores at the end of the Jeopardy! Round:

Patrick Chuck Kathy
$3,800 $0 $2,000

Double Jeopardy! Round responses

NOTABLE NAMES
AMERICAN LITERATURE
WORD ORIGINS
WORLD GEOGRAPHY
BIOLOGY
ODDS & ENDS
    $200 16
the Alamo

Kathy
    $200 8
[NOTE: Patrick's accepted response included "Huck", which is part of the title of a 1993 movie and not in the name of the novel.]

The Adventures of Huckleberry Finn

Patrick
    $200 3
an elk

Patrick
    $200 1
the Rockies

Chuck
    $200 26
cells

Chuck
    $200 17
the Hebrew alphabet

Kathy
    $400 22
Charlemagne

Patrick
    $400 9
The Magnificent Ambersons

Patrick
    $400 4
a dirge

Patrick
    $400 2
the Danube

Patrick
    $400 27
(Patrick: What is [**]?)
[Patrick's response was ruled incorrect and the decision was reversed prior to the reveal of the Final Jeopardy! clue.]

the yolk (albumen)

PatrickChuck
    $400 18
Boswell

Chuck
    $600 23
Fabergé

Patrick
    $600 10
Carson McCullers

Kathy
    $600 5
the clink

Patrick
    $600 13
Belgium

Chuck
    $600 28
insulin

Chuck
    $600 19
(Kathy: What is ether?)

chloroform

ChuckKathy
    $800 24
Mary Baker Eddy

Chuck
    $800 11
(George F.) Babbitt

Chuck
    $2,000 6
(Patrick: What is Latin?)
...
(Alex: Remember, the Moors occupied Spain--alcalde, Alhambra, algebra...)

Arabic

Patrick
    $800 14
the Mekong

Chuck
    $1,600 29
photosynthesis

Chuck
    $800 20
love is blind

Kathy
    $1000 25
(Alex: [After the next clue selection] With about a minute to go.)

Tenzing Norgay

Chuck
    $1000 12
(Chuck: Who is Martinez?)

Santiago

Chuck
Triple Stumper
    $1000 7
beriberi

Kathy
    $1000 15
Lake Managua

Patrick
    $1000 30
fruit flies

Patrick
    $1000 21
the Socialist Party

Patrick

Scores at the end of the Double Jeopardy! Round:

Patrick Chuck Kathy
$8,400 $7,000 $4,200

[wagering suggestions for these scores]

Final Jeopardy! Round responses

SUPREME COURT JUSTICES
(Alex: [Before the reveals] There was a lot of controversy over his nomination and Senator Danforth was one of his big supporters.)
KathyWho is Thomas
$4,000
ChuckWho is Clarence Thomas
$4,000
PatrickWho was Rehnquist
$6,600
(Clarence) Thomas

Final scores:

Patrick Chuck Kathy
$1,800 $11,000 $8,200
3rd place: Michael C. Fina crystal decanter & goblets + Jeopardy! home game + GameTek version of Jeopardy! for the computer New champion: $11,000 2nd place: Ashley wall system & Aiwa digital mini system + Jeopardy! home game + GameTek version of Jeopardy! for the computer

Game dynamics:

Coryat scores:

Patrick Chuck Kathy
$10,400 $7,100 $4,200
26 R,
1 W
(including 1 DD)
17 R
(including 1 DD),
3 W
(including 1 DD)
13 R,
2 W

Combined Coryat: $21,700

[game clues] [game scores] [suggest correction]

Game tape date: Unknown
The J! Archive is created by fans, for fans. Scraping, republication, monetization, and malicious use prohibited; this site may use cookies and collect identifying information. See terms. The Jeopardy! game show and all elements thereof, including but not limited to copyright and trademark thereto, are the property of Jeopardy Productions, Inc. and are protected under law. This website is not affiliated with, sponsored by, or operated by Jeopardy Productions, Inc. Join the discussion at JBoard.tv.